The taste of new wine / (Record no. 4063)
[ view plain ]
| 000 -LEADER | |
|---|---|
| fixed length control field | 00709cam a2200265 a 4500 |
| 001 - CONTROL NUMBER | |
| control field | 21573 |
| 003 - CONTROL NUMBER IDENTIFIER | |
| control field | GBCCL |
| 005 - DATE AND TIME OF LATEST TRANSACTION | |
| control field | 20241126110510.0 |
| 008 - FIXED-LENGTH DATA ELEMENTS--GENERAL INFORMATION | |
| fixed length control field | 760930t19651965txu 000 0aeng |
| 010 ## - | |
| -- | 65009347 |
| 029 1# - | |
| -- | NLGGC |
| -- | 781463343 |
| 035 ## - SYSTEM CONTROL NUMBER | |
| System control number | (OCoLC)ocm02044180 |
| 040 ## - CATALOGING SOURCE | |
| Original cataloging agency | DLC |
| Transcribing agency | DLC |
| Modifying agency | LBB |
| 049 ## - | |
| -- | LBBK |
| -- | LBBA |
| 050 00 - | |
| -- | BV4501.2 |
| -- | .M483 1965 |
| 082 00 - DEWEY DECIMAL CLASSIFICATION NUMBER | |
| Classification number | 248.4 |
| Item number | MIL |
| 090 ## - LOCALLY ASSIGNED LC-TYPE CALL NUMBER (OCLC); LOCAL CALL NUMBER (RLIN) | |
| Classification number (OCLC) (R) ; Classification number, CALL (RLIN) (NR) | BR1725 |
| Local cutter number (OCLC) ; Book number/undivided call number, CALL (RLIN) | .M45 A5 |
| 100 1# - MAIN ENTRY--PERSONAL NAME | |
| Personal name | Miller, Keith. |
| 9 (RLIN) | 6318 |
| 245 14 - TITLE STATEMENT | |
| Title | The taste of new wine / |
| Statement of responsibility, etc. | by Keith Miller. |
| 260 ## - PUBLICATION, DISTRIBUTION, ETC. | |
| Place of publication, distribution, etc. | Waco, Tex. : |
| Name of publisher, distributor, etc. | Word Books, |
| Date of publication, distribution, etc. | 1966, c1965. |
| 300 ## - PHYSICAL DESCRIPTION | |
| Extent | 116 p. ; |
| Dimensions | 21 cm. |
| 500 ## - GENERAL NOTE | |
| General note | Sequel: A second touch. |
| 600 10 - SUBJECT ADDED ENTRY--PERSONAL NAME | |
| Personal name | Miller, Keith. |
| 9 (RLIN) | 6318 |
| 942 ## - ADDED ENTRY ELEMENTS (KOHA) | |
| Source of classification or shelving scheme | Dewey Decimal Classification |
| Koha item type | Books |
| Koha issues (borrowed), all copies | 1 |
| Withdrawn status | Lost status | Source of classification or shelving scheme | Damaged status | Not for loan | Home library | Current Library | Shelving location | Date acquired | Total checkouts | Full call number | Barcode | Date last seen | Date last checked out | Copy number | Price effective from | Koha item type |
|---|---|---|---|---|---|---|---|---|---|---|---|---|---|---|---|---|
| Dewey Decimal Classification | GRACE BIBLE COLLEGE | GRACE BIBLE COLLEGE | Ministry & Mission | 2018-01-10 | 1 | 248.4 MIL | 008821 | 2025-05-01 | 2018-08-06 | c.1 | 2018-01-10 | Books | ||||
| Dewey Decimal Classification | GRACE BIBLE COLLEGE | GRACE BIBLE COLLEGE | Ministry & Mission | 2018-02-26 | 248.4 MIL | 008822 | 2025-05-01 | c.2 | 2018-02-26 | Books |